Catálogo
 En Linea

La iguana rinoceronte : (Registro nro. 44735)

Detalles MARC
000 -CABECERA
campo de control de longitud fija 01129nam a2200181 a 4500
001 - NÚMERO DE CONTROL
campo de control 000045246
005 - FECHA Y HORA DE LA ÚLTIMA TRANSACCIÓN
campo de control 20201002050012.0
008 - DATOS DE LONGITUD FIJA--INFORMACIÓN GENERAL
campo de control de longitud fija 150216s2004 dr ab 000 0 spa d
040 ## - FUENTE DE LA CATALOGACIÓN
Centro catalogador/agencia de origen DO-SdBNP
Lengua de catalogación spa
Centro/agencia transcriptor BNPHU
082 ## - NÚMERO DE LA CLASIFICACIÓN DECIMAL DEWEY
Número de clasificación xxxx
Número de documento/Ítem xxxx
110 1# - ENTRADA PRINCIPAL--NOMBRE DE ENTIDAD CORPORATIVA
Nombre de entidad corporativa o nombre de jurisdicción como elemento de entrada Centro para la Conservación y Ecodesarrollo de la Bahía de Samaná y su Entorno
9 (RLIN) 57672
245 13 - MENCIÓN DE TÍTULO
Título La iguana rinoceronte :
Resto del título una especie endémica seriamente amenazada.
260 ## - PUBLICACIÓN, DISTRIBUCIÓN, ETC.
Lugar de publicación, distribución, etc. Samaná :
Nombre del editor, distribuidor, etc. Centro para la Conservación y Ecodesarrollo de la Bahía de Samaná y su Entorno CEBSE :
-- Búho,
Fecha de publicación, distribución, etc. 2004.
300 ## - DESCRIPCIÓN FÍSICA
Extensión 16 p. :
Otras características físicas il. ;
Dimensiones 28 cm.
490 1# - MENCIÓN DE SERIE
Mención de serie Riquezas Ecológicas de la Península de Samaná --
505 0# - NOTA DE CONTENIDO CON FORMATO
Título ¿Quién es la iguana rinoceronte? --
-- ¿Dónde vive? --
-- ¿Cómo es la iguana rinoceronte? --
-- ¿Qué ambientes prefiere? --
-- ¿De qué se alimenta? --
-- ¿Qué sabemos de su conducta? --
-- ¿Cómo se reproduce? --
-- ¿Por qué es una especie amenazada? --
-- Impactos a la iguana rinoceronte --
-- Un proyecto que debes conocer --
-- Consejos para nuestro iguanario --
-- Para nuestro iguanario --
830 #0 - PUNTO DE ACCESO ADICIONAL DE SERIE-TÍTULO UNIFORME
Título uniforme Riquezas Ecológicas de la Península de Samaná
9 (RLIN) 73273
Existencias
Estado de retiro Estado de pérdida No para préstamo Código de colección Localización permanente Ubicación/localización actual Ubicación en estantería Fecha de adquisición Número de inventario Total de préstamos Signatura topográfica completa Código de barras Fecha visto por última vez Precio válido a partir de Tipo de ítem Koha
      Patrimonio Dominicano Patrimonio Dominicano Patrimonio Dominicano Orden iniciada 16.02.2015 LF1   xxxx xxxx 45246-10 25.06.2020 25.06.2020 Libro y Folleto Colección Patrimonio Dominicano
      Patrimonio Dominicano Patrimonio Dominicano Patrimonio Dominicano Orden iniciada 16.02.2015 LF1   xxxx xxxx 45246-20 25.06.2020 25.06.2020 Libro y Folleto Colección Patrimonio Dominicano

Con tecnología Koha